| 000 | 00501nam a2200193Ia 4500 | ||
|---|---|---|---|
| 008 | 131103s9999 xx 000 0 und d | ||
| 020 | _a413412008 | ||
| 040 | _aLoreto College | ||
| 041 | _aEnglish | ||
| 082 |
_a822.91/CHU _bLCLIB/45705 |
||
| 100 | _aChurchill, Caryl | ||
| 245 |
_aSoftcops & Fen _cCaryl Churchill |
||
| 260 |
_aLondon _bEyre methuen _c1983 |
||
| 300 |
_a100p. _c 20cm. |
||
| 650 | _aEnglish literature | ||
| 651 | _aEnglish drama | ||
| 850 | _aLCLIB/822.91/CHU | ||
| 942 | _cBK | ||
| 999 |
_c35919 _d86398 |
||